[Event "Teplice op 17th"]
[Site "Teplice"]
[Date "2024.06.23"]
[Round "9"]
[White "Movileanu, Daniela"]
[Black "Ezra, Paul Chambers"]
[Result "1/2-1/2"]
[WhiteElo "2156"]
[BlackElo "2346"]
[PlyCount "83"]
[EventDate "2024.06.15"]
[EventType "swiss"]
[EventRounds "9"]
[EventCountry "CZE"]
[SourceTitle "CBM 220 Extra"]
[Source "ChessBase"]
[SourceDate "2024.07.31"]
[SourceVersion "1"]
[SourceVersionDate "2024.07.31"]
[SourceQuality "1"]

1. e4 c5 2. Nf3 Nc6 3. d4 cxd4 4. Nxd4 Nf6 5. Nc3 e5 6. Ndb5 d6 7. Bg5 a6 8. Na3 Be6 9. Nc4 Rb8 10. a4 Be7 11. Bxf6 Bxf6 12. Nxd6+ Kf8 13. Nc4 Nb4 14. Ne3 Qd4 15. Qf3 Bg5 16. Bd3 Nxd3+ 17. cxd3 g6 18. 0-0 Kg7 19. Qe2 Rhd8 20. Ncd5 a5 21. g3 b5 22. h4 Bh6 23. Qf3 Kh8 24. axb5 f5 25. Nc7 Bc8 26. Ned5 a4 27. Ra3 Rf8 28. Kg2 Qxb2 29. Rxa4 fxe4 30. Qxe4 Bf5 31. Qb4 Qe2 32. Re1 Qc2 33. Rxe5 Bxd3 34. Qd4 Bg7 35. Ne6 Rxf2+ 36. Qxf2 Bxe5 37. Qxc2 Bxc2 38. Rb4 Bd6 39. Rd4 Be5 40. Rb4 Bd6 41. Rd4 Be5 42. Rb4 1/2-1/2

[Event "Teplice op 17th"]
[Site "Teplice"]
[Date "2024.06.20"]
[Round "6"]
[White "Banh, Gia Huy"]
[Black "Movileanu, Daniela"]
[Result "1/2-1/2"]
[WhiteElo "2400"]
[BlackElo "2156"]
[PlyCount "117"]
[EventDate "2024.06.15"]
[EventType "swiss"]
[EventRounds "9"]
[EventCountry "CZE"]
[SourceTitle "CBM 220 Extra"]
[Source "ChessBase"]
[SourceDate "2024.07.31"]
[SourceVersion "1"]
[SourceVersionDate "2024.07.31"]
[SourceQuality "1"]

1. e4 c5 2. Nf3 d6 3. d4 cxd4 4. Nxd4 Nf6 5. Nc3 a6 6. Bg5 e6 7. f4 Be7 8. Qf3 h6 9. Bh4 Nbd7 10. 0-0-0 Qc7 11. f5 e5 12. Nde2 b5 13. Bxf6 Nxf6 14. Nd5 Nxd5 15. exd5 Bb7 16. Ng3 0-0-0 17. Ne4 Kb8 18. Be2 Rc8 19. c3 h5 20. Kb1 Rcg8 21. Rhf1 Bd8 22. a4 bxa4 23. c4 g6 24. fxg6 fxg6 25. Qa3 Be7 26. Qxa4 Rf8 27. Rxf8+ Rxf8 28. c5 dxc5 29. d6 Bxe4+ 30. Qxe4 Bxd6 31. Bf3 Ka7 32. Qxg6 Be7 33. Qxh5 Rb8 34. Qf5 Bd6 35. Qe6 Rb6 36. Be4 c4 37. Qd5 Qb8 38. Qf7+ Qc7 39. Qxc7+ Bxc7 40. Rd7 Kb8 41. Kc2 Rf6 42. Rd2 Ka7 43. Re2 Kb6 44. g4 Kc5 45. h4 Rf4 46. Bf5 e4 47. h5 Be5 48. Bxe4 Bf6 49. Bf5 Bg5 50. Re6 Rf1 51. b4+ Kxb4 52. Rxa6 Rc1+ 53. Kb2 c3+ 54. Ka2 Rh1 55. Rb6+ Kc4 56. Rc6+ Kb4 57. Rb6+ Kc4 58. Rc6+ Kb4 59. Rb6+ 1/2-1/2

[Event "Teplice op"]
[Site "Teplice"]
[Date "2023.06.11"]
[Round "2"]
[White "Movileanu, Daniela"]
[Black "Jinan, Jomon"]
[Result "0-1"]
[WhiteElo "2184"]
[BlackElo "2428"]
[PlyCount "68"]
[EventDate "2023.06.10"]
[EventType "swiss"]
[EventRounds "9"]
[EventCountry "CZE"]
[SourceTitle "CBM 214 Extra"]
[Source "ChessBase"]
[SourceDate "2023.07.31"]
[SourceVersion "1"]
[SourceVersionDate "2023.07.31"]
[SourceQuality "1"]

1. e4 e5 2. Nf3 Nc6 3. Bb5 a6 4. Ba4 Nf6 5. 0-0 Be7 6. Bxc6 dxc6 7. d3 Nd7 8. Nc3 Bd6 9. a4 Qe7 10. Ne2 Nf8 11. h3 Be6 12. Ng3 0-0-0 13. c3 c5 14. Qe2 f6 15. Bd2 g5 16. Rfb1 h5 17. b4 Qd7 18. bxc5 Bxc5 19. d4 g4 20. Be3 gxf3 21. Qb2 c6 22. dxc5 h4 23. Nf1 Qg7 24. g3 hxg3 25. fxg3 Rxh3 26. Kf2 Bc4 27. g4 Bxf1 28. Kxf1 Rh1+ 29. Bg1 Qh7 30. Ra2 Qh3+ 31. Kf2 Rd7 32. Qb3 Qxg4 33. c4 Qg2+ 34. Ke3 Qg5+ 0-1

[Event "BCF-chT 2223 (4NCL)"]
[Site "England"]
[Date "2023.02.12"]
[Round "6.3"]
[White "Movileanu, Daniela"]
[Black "Grieve, Harry"]
[Result "0-1"]
[WhiteElo "2169"]
[BlackElo "2410"]
[PlyCount "66"]
[EventDate "2022.10.22"]
[EventType "team-swiss"]
[EventRounds "11"]
[EventCountry "ENG"]
[SourceTitle "CBM 213 Extra"]
[Source "ChessBase"]
[SourceDate "2023.05.31"]
[SourceVersion "1"]
[SourceVersionDate "2023.05.31"]
[SourceQuality "1"]
[WhiteTeam "Chessable White Rose II"]
[BlackTeam "The Sharks"]
[WhiteTeamCountry "ENG"]
[BlackTeamCountry "ENG"]

1. e4 c5 2. Nf3 e6 3. d4 cxd4 4. Nxd4 a6 5. Bd3 Bc5 6. Nb3 Ba7 7. 0-0 Nc6 8. Nc3 Nf6 9. Bf4 d6 10. Be2 Ne5 11. Qd2 Bb8 12. Rad1 Bd7 13. a4 Qc7 14. Bg3 0-0 15. f4 Nc4 16. Bxc4 Qxc4 17. e5 Nd5 18. Nxd5 exd5 19. Kh1 Bxa4 20. Nd4 Bd7 21. Rde1 Re8 22. f5 dxe5 23. Nf3 f6 24. b3 Qc5 25. Nh4 a5 26. Qe2 a4 27. bxa4 Rxa4 28. Qh5 Qxc2 29. Bf4 Re4 30. Bh6 Qf2 31. Nf3 Rxe1 32. Rxe1 gxh6 33. Qxh6 Rf8 0-1

[Event "British Universities-ch"]
[Site "Chess.com INT"]
[Date "2022.03.05"]
[Round "9.1"]
[White "Claridge Hansen, William"]
[Black "Movileanu, Daniela"]
[Result "1-0"]
[WhiteElo "2338"]
[BlackElo "2176"]
[PlyCount "55"]
[EventDate "2022.03.05"]
[EventType "swiss"]
[EventRounds "9"]
[EventCountry "ENG"]
[SourceTitle "EXT 2023"]
[Source "ChessBase"]
[SourceDate "2022.10.05"]
[SourceVersion "1"]
[SourceVersionDate "2022.10.05"]
[SourceQuality "1"]
[WhiteTeam "Exeter"]
[BlackTeam "LSE"]
[WhiteTeamCountry "ENG"]
[BlackTeamCountry "ENG"]

1. d4 Nf6 2. Bg5 d5 3. Nd2 Nbd7 4. e3 g6 5. c4 Bg7 6. Ngf3 0-0 7. Rc1 c5 8. Be2 cxd4 9. Nxd4 dxc4 10. Nxc4 Ne4 11. Bh4 Ndf6 12. Bf3 a6 13. 0-0 Re8 14. Qc2 Nd6 15. Nxd6 Qxd6 16. Bg3 e5 17. Nb3 Qe7 18. Rfd1 e4 19. Be2 Bg4 20. Bd6 Qe6 21. Bc4 Qf5 22. Rd2 Qh5 23. h3 Be6 24. Be2 Bxb3 25. Qxb3 Qa5 26. Bb4 Qf5 27. Rc7 Nd5 28. Rxd5 1-0

[Event "British Universities-ch"]
[Site "Chess.com INT"]
[Date "2022.03.05"]
[Round "8.1"]
[White "Reid, Alexander"]
[Black "Movileanu, Daniela"]
[Result "0-1"]
[WhiteElo "1650"]
[BlackElo "2176"]
[PlyCount "72"]
[EventDate "2022.03.05"]
[EventType "swiss"]
[EventRounds "9"]
[EventCountry "ENG"]
[SourceTitle "EXT 2023"]
[Source "ChessBase"]
[SourceDate "2022.10.05"]
[SourceVersion "1"]
[SourceVersionDate "2022.10.05"]
[SourceQuality "1"]
[WhiteTeam "Kent"]
[BlackTeam "LSE"]
[WhiteTeamCountry "ENG"]
[BlackTeamCountry "ENG"]

1. d4 Nf6 2. c4 g6 3. Nc3 d5 4. cxd5 Nxd5 5. Nf3 Bg7 6. e4 Nxc3 7. bxc3 0-0 8. Bc4 c5 9. Qb3 Nc6 10. Ng5 e6 11. d5 Na5 12. Qa3 Nxc4 13. Qxc5 Ne5 14. 0-0 Nd3 15. Qe3 Nxc1 16. Raxc1 exd5 17. exd5 Bh6 18. h4 f6 19. f4 fxg5 20. fxg5 Bg7 21. c4 Bf5 22. Rfd1 Qd7 23. c5 Rfe8 24. Qb3 Kh8 25. d6 Rac8 26. Qf3 Bg4 27. c6 Rxc6 28. Qxg4 Qxg4 29. d7 Rd8 30. Re1 Rxc1 31. Rxc1 Qxd7 32. Kh2 Be5+ 33. g3 Qd2+ 34. Kh3 Qe3 35. Kh2 Qxg3+ 36. Kh1 Qh2# 0-1

[Event "Online Olym Div Top-C"]
[Site "Chess.com INT"]
[Date "2021.09.11"]
[Round "8.4"]
[White "Zhukova, Natalia"]
[Black "Movileanu, Daniela"]
[Result "1-0"]
[WhiteElo "2331"]
[BlackElo "2239"]
[PlyCount "95"]
[EventDate "2021.09.09"]
[EventType "team (rapid)"]
[EventRounds "9"]
[EventCountry "USA"]
[SourceTitle "CBM 204 Extra"]
[Source "ChessBase"]
[SourceDate "2021.11.30"]
[SourceVersion "1"]
[SourceVersionDate "2021.11.30"]
[SourceQuality "1"]
[WhiteTeam "Ukraine"]
[BlackTeam "Italy"]
[WhiteTeamCountry "UKR"]
[BlackTeamCountry "ITA"]

1. c4 c5 2. Nf3 Nc6 3. d4 cxd4 4. Nxd4 e5 5. Nc2 Nf6 6. Nc3 Bc5 7. g3 0-0 8. Bg2 d6 9. 0-0 Be6 10. b3 Qd7 11. Na4 Bd4 12. Nxd4 Nxd4 13. Bb2 Nc6 14. Qd2 Bh3 15. Rad1 Bxg2 16. Kxg2 Rad8 17. Nc3 Qg4 18. f3 Qg6 19. e4 Nh5 20. Nd5 f5 21. b4 Nf4+ 22. Nxf4 exf4 23. b5 Ne7 24. Qxf4 fxe4 25. Qxe4 Nf5 26. Bc1 Rde8 27. Qd5+ Kh8 28. Rf2 Re7 29. Qd3 Nh4+ 30. Kh3 Qe6+ 31. Kxh4 h6 32. g4 Rfe8 33. Kg3 Qe5+ 34. Bf4 Qf6 35. Qxd6 Re6 36. Qd4 Qf7 37. Bc1 Qc7+ 38. Kg2 a6 39. a4 axb5 40. axb5 b6 41. Bb2 R6e7 42. Qd6 Qxc4 43. Qxh6+ Kg8 44. Qc6 Qb4 45. Qd5+ Kh8 46. Rd4 Qe1 47. g5 Re2 48. Rh4# 1-0

[Event "Online Olym Div Top-C"]
[Site "Chess.com INT"]
[Date "2021.09.09"]
[Round "3.2"]
[White "Klinova, Masha"]
[Black "Movileanu, Daniela"]
[Result "1-0"]
[WhiteElo "2263"]
[BlackElo "2239"]
[PlyCount "157"]
[EventDate "2021.09.09"]
[EventType "team (rapid)"]
[EventRounds "9"]
[EventCountry "USA"]
[SourceTitle "CBM 204 Extra"]
[Source "ChessBase"]
[SourceDate "2021.11.30"]
[SourceVersion "1"]
[SourceVersionDate "2021.11.30"]
[SourceQuality "1"]
[WhiteTeam "Israel"]
[BlackTeam "Italy"]
[WhiteTeamCountry "ISR"]
[BlackTeamCountry "ITA"]

1. e4 c5 2. Nf3 d6 3. Bb5+ Nd7 4. 0-0 a6 5. Bxd7+ Bxd7 6. d4 cxd4 7. Qxd4 e5 8. Qd3 h6 9. c4 Nf6 10. Nc3 Be7 11. a4 Rc8 12. b3 0-0 13. Ba3 Be6 14. Rfd1 Qa5 15. Nd2 Rfd8 16. Nf1 Qb6 17. Ne3 Bf8 18. Ncd5 Bxd5 19. cxd5 g6 20. Nc4 Qa7 21. a5 Rc7 22. h3 Qb8 23. g3 Rcc8 24. Rac1 Nd7 25. Qe3 Kh7 26. Kg2 h5 27. Qf3 Kg8 28. Rc3 b5 29. axb6 Nxb6 30. Na5 Rxc3 31. Qxc3 Rc8 32. Nc6 Qb7 33. Rc1 Kh7 34. Qf3 Bh6 35. Rc3 Qd7 36. Qd3 Ra8 37. Bb4 Nc8 38. Qc2 Nb6 39. Ba5 Qb7 40. Nb4 Nd7 41. Rc7 Qb5 42. Nc6 Nc5 43. Rxf7+ Kg8 44. Rc7 Bf8 45. b4 Nd3 46. Qd2 Re8 47. Na7 Bh6 48. Nxb5 Bxd2 49. Nxd6 Rf8 50. f3 Ne1+ 51. Kf1 Nxf3 52. Ke2 Bh6 53. Nc4 Nd4+ 54. Ke1 Nc2+ 55. Kd1 Rf2 56. Bb6 Rg2 57. d6 Bg5 58. d7 Nxb4 59. Rc8+ Kg7 60. d8Q Bxd8 61. Bxd8 Rxg3 62. h4 Rd3+ 63. Ke2 Rd4 64. Kf3 Nd3 65. Bg5 Ne1+ 66. Ke3 Nc2+ 67. Kf3 Ne1+ 68. Kf2 Rxe4 69. Rc7+ Kg8 70. Nd6 Nd3+ 71. Kf3 Re1 72. Nf7 e4+ 73. Kg2 Re2+ 74. Kg3 Ne1 75. Ne5 Rg2+ 76. Kh3 Rg1 77. Bf6 Rg2 78. Rc8+ Kh7 79. Rh8# 1-0

[Event "ITA-ch Online (Women) KO"]
[Site "Premium Chess Arena INT"]
[Date "2020.11.21"]
[Round "1.2"]
[White "Zimina, Olga"]
[Black "Movileanu, Daniela"]
[Result "1/2-1/2"]
[WhiteElo "2364"]
[BlackElo "2239"]
[PlyCount "147"]
[EventDate "2020.11.21"]
[EventType "k.o. (rapid)"]
[EventRounds "2"]
[EventCountry "ITA"]
[SourceTitle "CBM 199 Extra"]
[Source "ChessBase"]
[SourceDate "2021.01.31"]
[SourceVersion "1"]
[SourceVersionDate "2021.01.31"]
[SourceQuality "1"]

1. Nf3 c5 2. g3 Nc6 3. Bg2 g6 4. 0-0 Bg7 5. d3 e5 6. e4 Nge7 7. Nbd2 0-0 8. Re1 d6 9. c3 h6 10. a3 a5 11. a4 Kh7 12. Nc4 Be6 13. Nh4 d5 14. exd5 Bxd5 15. Bf1 Qc7 16. f4 f6 17. Qc2 Rae8 18. Qf2 b6 19. f5 g5 20. Ng2 Rd8 21. Nge3 Bf7 22. Na3 Qd7 23. Nb5 Nd5 24. Nc4 Bg8 25. Bg2 Nce7 26. Be4 Kh8 27. Qf3 Rb8 28. Kg2 Nc7 29. Nxc7 Qxc7 30. h4 Qd7 31. Rh1 Bd5 32. g4 Kg8 33. hxg5 fxg5 34. Qe2 Bc6 35. Bxc6 Qxc6+ 36. Qe4 Nd5 37. Kf3 Rbd8 38. Be3 Qf6 39. Rad1 Rfe8 40. Bf2 Qf7 41. Bg3 Nf6 42. Nxe5 Rxe5 43. Qxe5 Re8 44. Qc7 Re7 45. Qd8+ Re8 46. Qc7 Re7 47. Qxb6 Qd5+ 48. Kf2 Nxg4+ 49. Kg1 Qf3 50. Qb8+ Kh7 51. Rf1 Qe3+ 52. Bf2 Qxd3 53. Qg3 Nxf2 54. Qxd3 Nxd3 55. f6 Re2 56. fxg7 Kxg7 57. Rh2 Rxh2 58. Kxh2 Nxb2 59. Rf5 Nxa4 60. c4 Kg6 61. Rd5 Kf6 62. Kg3 Nc3 63. Rd6+ Ke5 64. Rd8 Ne4+ 65. Kg4 Nd6 66. Rh8 Nxc4 67. Rxh6 a4 68. Kxg5 a3 69. Ra6 Kd4 70. Kf4 Kc3 71. Ke4 Kb3 72. Kd5 a2 73. Rxa2 Kxa2 74. Kxc5 1/2-1/2

[Event "Birmingham op"]
[Site "Birmingham"]
[Date "2020.02.23"]
[Round "5"]
[White "Movileanu, Daniela"]
[Black "Wadsworth, Matthew J"]
[Result "0-1"]
[WhiteElo "2239"]
[BlackElo "2411"]
[PlyCount "116"]
[EventDate "2020.02.22"]
[EventType "team-swiss"]
[EventRounds "5"]
[EventCountry "ENG"]
[SourceTitle "CBM 195 Extra"]
[Source "ChessBase"]
[SourceDate "2020.05.31"]
[SourceVersion "1"]
[SourceVersionDate "2020.05.31"]
[SourceQuality "1"]
[WhiteTeam "LSE"]
[BlackTeam "Cambridge"]
[WhiteTeamCountry "ENG"]
[BlackTeamCountry "ENG"]

1. e4 c5 2. Nf3 e6 3. d4 cxd4 4. Nxd4 Nc6 5. Nc3 Qc7 6. Be3 a6 7. Qd2 Nf6 8. 0-0-0 Be7 9. f3 0-0 10. g4 b5 11. g5 Nh5 12. Nce2 Nxd4 13. Qxd4 f5 14. Ng3 Nf4 15. exf5 Bxg5 16. Rg1 e5 17. Qd2 Bb7 18. Ne4 Bh6 19. Kb1 d5 20. Nc5 d4 21. Bxf4 Bxf4 22. Qg2 Bd5 23. Bd3 Be3 24. Be4 Bxe4 25. fxe4 d3 26. Nxd3 Bxg1 27. Rxg1 Rf7 28. Nb4 Kh8 29. Nd5 Qd6 30. a3 a5 31. Qe2 b4 32. a4 b3 33. cxb3 Rc8 34. Qg4 Qc5 35. f6 gxf6 36. Rg3 f5 37. Qg5 Qd6 38. Qh5 Rcf8 39. Rg5 f4 40. Qf3 Rg7 41. Rh5 Qg6 42. Rxe5 Qg4 43. Qc3 f3 44. Ka2 f2 45. Ne3 Qd7 46. Rd5 Qc7 47. Rc5 Qa7 48. Nf1 Qa6 49. Rc4 Qf6 50. e5 Qf3 51. Qd4 Qe2 52. Rc1 Qe1 53. Qc5 Re8 54. Ne3 Rg1 55. Qc6 Rf8 56. Qd6 Rgg8 57. e6 Qxe3 58. e7 f1Q 0-1

[Event "EU-chT (Women) 22nd"]
[Site "Batumi"]
[Date "2019.10.26"]
[Round "3.3"]
[White "Benmesbah, Natacha"]
[Black "Movileanu, Daniela"]
[Result "0-1"]
[WhiteElo "2265"]
[BlackElo "2173"]
[PlyCount "130"]
[EventDate "2019.10.24"]
[EventType "team-swiss"]
[EventRounds "9"]
[EventCountry "GEO"]
[SourceTitle "CBM 192 Extra"]
[Source "Chessbase"]
[SourceDate "2019.11.06"]
[SourceVersion "1"]
[SourceVersionDate "2019.11.06"]
[SourceQuality "1"]
[WhiteTeam "France (W)"]
[BlackTeam "Italy (W)"]
[WhiteTeamCountry "FRA"]
[BlackTeamCountry "ITA"]

1. e4 c5 2. Nc3 e6 3. Nf3 a6 4. g3 d6 5. Bg2 Nf6 6. 0-0 Be7 7. d3 0-0 8. Ng5 Nc6 9. f4 Qc7 10. Nh3 Rb8 11. g4 b5 12. g5 Nd7 13. f5 Nce5 14. Rf4 b4 15. Nb1 exf5 16. Rxf5 Ng6 17. Qh5 Nde5 18. Be3 d5 19. Nd2 Bd6 20. Raf1 Be6 21. exd5 Bxf5 22. Rxf5 Ne7 23. Rf4 N5g6 24. Be4 Bxf4 25. Bxf4 Qd7 26. d6 Nc6 27. Nc4 Rfe8 28. Qf3 Nd4 29. Qh5 Rxe4 30. dxe4 Qe6 31. b3 Qxe4 32. Bg3 Qxc2 33. Nf2 Ne2+ 34. Kf1 Nef4 35. Qd1 Qxd1+ 36. Nxd1 Ne6 37. h4 Rd8 38. Ke2 f6 39. gxf6 gxf6 40. Nde3 Ngf4+ 41. Kf3 Nd3 42. Ke4 Nc1 43. Kd5 Ng7 44. Na5 Nxa2 45. Nb7 Nc3+ 46. Kc6 Rc8+ 47. Kd7 Rf8 48. Nxc5 Ne2 49. Bf2 f5 50. Nd5 a5 51. Kc6 Nc3 52. Ne7+ Kf7 53. Nd7 Re8 54. Nd5 Nxd5 55. Kxd5 Re2 56. Ne5+ Kf8 57. Bc5 Rd2+ 58. Kc6 Ne6 59. Bb6 a4 60. Kd7 a3 61. Kxe6 a2 62. Nd7+ Kg7 63. Bd8 a1Q 64. Ne5 Rxd6+ 65. Kxd6 Qd4+ 0-1

[Event "EU-chT (Women) 22nd"]
[Site "Batumi"]
[Date "2019.10.25"]
[Round "2.3"]
[White "Movileanu, Daniela"]
[Black "Zhukova, Natalia"]
[Result "1-0"]
[WhiteElo "2173"]
[BlackElo "2333"]
[PlyCount "78"]
[EventDate "2019.10.24"]
[EventType "team-swiss"]
[EventRounds "9"]
[EventCountry "GEO"]
[SourceTitle "CBM 192 Extra"]
[Source "Chessbase"]
[SourceDate "2019.11.06"]
[SourceVersion "1"]
[SourceVersionDate "2019.11.06"]
[SourceQuality "1"]
[WhiteTeam "Italy (W)"]
[BlackTeam "Ukraine (W)"]
[WhiteTeamCountry "ITA"]
[BlackTeamCountry "UKR"]

1. e4 e5 2. Nf3 Nc6 3. Bb5 a6 4. Ba4 Nf6 5. 0-0 Be7 6. Re1 b5 7. Bb3 d6 8. c3 0-0 9. d4 Bg4 10. d5 Na5 11. Bc2 c6 12. h3 Bc8 13. dxc6 Qc7 14. Nbd2 Qxc6 15. Nf1 Nb7 16. a4 Nc5 17. axb5 axb5 18. Rxa8 Qxa8 19. Ng3 Rd8 20. Qe2 Qc6 21. Nh4 g6 22. Bg5 Ne6 23. Bh6 b4 24. Qf3 Ne8 25. Nhf5 gxf5 26. Nxf5 Bf6 27. Qh5 Nf4 28. Bxf4 Bxf5 29. Qxf5 exf4 30. e5 Bg7 31. Qxh7+ Kf8 32. e6 fxe6 33. Rxe6 Qd5 34. Re4 b3 35. Rxf4+ Nf6 36. Bd3 Ra8 37. Qg6 Ra1+ 38. Kh2 Qe5 39. g3 Qd5 1-0

[Event "Titled Tuesday intern op 2nd July"]
[Site "Chess.com INT"]
[Date "2019.07.02"]
[Round "4"]
[White "Grochal, Joey"]
[Black "Movileanu, Daniela"]
[Result "0-1"]
[WhiteElo "2313"]
[BlackElo "2166"]
[PlyCount "60"]
[EventDate "2019.07.02"]
[EventType "swiss (blitz)"]
[EventRounds "10"]
[EventCountry "USA"]
[SourceTitle "EXT 2021"]
[Source "ChessBase"]
[SourceDate "2020.10.23"]
[SourceVersion "1"]
[SourceVersionDate "2020.10.23"]
[SourceQuality "1"]

1. d4 d5 2. c4 e6 3. Nc3 c6 4. Nf3 Nf6 5. Bg5 Be7 6. e3 0-0 7. Rc1 Nbd7 8. Qc2 Re8 9. Bd3 Nf8 10. 0-0 h6 11. Bh4 Ng4 12. Bxe7 Qxe7 13. e4 dxe4 14. Nxe4 c5 15. h3 Nf6 16. Nxc5 b6 17. Ne4 Bb7 18. Nxf6+ Qxf6 19. Be4 Rab8 20. Rfd1 Red8 21. Rd2 Qf4 22. Bxb7 Rxb7 23. Rcd1 Ng6 24. d5 exd5 25. Rxd5 Rxd5 26. cxd5 Rc7 27. Qe2 Kh7 28. d6 Rd7 29. Qb5 Rxd6 30. Rc1 Qxc1+ 0-1

[Event "Titled Tuesday intern op 1st Jan"]
[Site "Chess.com INT"]
[Date "2019.01.01"]
[Round "4"]
[White "Movileanu, Daniela"]
[Black "Beerdsen, Thomas"]
[Result "1/2-1/2"]
[WhiteElo "2174"]
[BlackElo "2484"]
[PlyCount "100"]
[EventDate "2019.01.01"]
[EventType "swiss (blitz)"]
[EventRounds "10"]
[EventCountry "USA"]
[SourceTitle "EXT 2021"]
[Source "ChessBase"]
[SourceDate "2020.10.23"]
[SourceVersion "1"]
[SourceVersionDate "2020.10.23"]
[SourceQuality "1"]

1. e4 e5 2. Nf3 Nc6 3. Bc4 Nf6 4. c3 Nxe4 5. 0-0 d5 6. Bb5 Bd6 7. Re1 Bg4 8. h3 Bxf3 9. Qxf3 0-0 10. d3 Nf6 11. Bg5 a6 12. Ba4 e4 13. dxe4 dxe4 14. Rxe4 Nxe4 15. Bxd8 Raxd8 16. Bxc6 bxc6 17. Na3 Rfe8 18. Nc4 Bc5 19. Rf1 Nd2 20. Nxd2 Rxd2 21. b4 Bb6 22. Qxc6 Red8 23. Kh2 h5 24. h4 R8d6 25. Qe8+ Kh7 26. Qxf7 Rg6 27. Qf5 Rxa2 28. c4 Bd4 29. Qxh5+ Rh6 30. Qf5+ Kh8 31. g3 a5 32. bxa5 c5 33. Kh3 Rxa5 34. Re1 Ra8 35. Re7 Rg8 36. Qf7 Rf6 37. Qh5+ Rh6 38. Qd5 Bxf2 39. Re6 Rxe6 40. Qxe6 Rf8 41. Qg6 Bd4 42. Qh5+ Kg8 43. Qd5+ Kh8 44. Qh5+ Kg8 45. Qd5+ Kh7 46. Qh5+ Kg8 47. Qd5+ Kh8 48. Qh5+ Kg8 49. Qd5+ Kh8 50. Qh5+ Kg8 1/2-1/2

[Event "Titled Tuesday intern op 1st Jan"]
[Site "Chess.com INT"]
[Date "2019.01.01"]
[Round "3"]
[White "Potapov, Alexey"]
[Black "Movileanu, Daniela"]
[Result "1-0"]
[WhiteElo "2370"]
[BlackElo "2174"]
[PlyCount "53"]
[EventDate "2019.01.01"]
[EventType "swiss (blitz)"]
[EventRounds "10"]
[EventCountry "USA"]
[SourceTitle "EXT 2021"]
[Source "ChessBase"]
[SourceDate "2020.10.23"]
[SourceVersion "1"]
[SourceVersionDate "2020.10.23"]
[SourceQuality "1"]

1. c4 c5 2. Nf3 Nc6 3. Nc3 e5 4. d3 g6 5. g3 Bg7 6. Bg2 Nge7 7. Rb1 0-0 8. 0-0 d6 9. a3 h6 10. b4 Be6 11. bxc5 dxc5 12. Rxb7 Rb8 13. Rxb8 Qxb8 14. Nd2 Nd4 15. e3 Ndf5 16. Nde4 Qc7 17. Qa4 Rd8 18. Nb5 Qb6 19. Qxa7 Qxa7 20. Nxa7 Rxd3 21. Nxc5 Rd6 22. Nb5 Bxc4 23. Nxd6 Bxf1 24. Nxf5 Bxg2 25. Nxe7+ Kf8 26. Nxg6+ fxg6 27. Kxg2 1-0

[Event "Titled Tuesday intern op 1st Jan"]
[Site "Chess.com INT"]
[Date "2019.01.01"]
[Round "5"]
[White "Yeletsky, Ivan"]
[Black "Movileanu, Daniela"]
[Result "1-0"]
[WhiteElo "2406"]
[BlackElo "2174"]
[PlyCount "59"]
[EventDate "2019.01.01"]
[EventType "swiss (blitz)"]
[EventRounds "10"]
[EventCountry "USA"]
[SourceTitle "EXT 2021"]
[Source "ChessBase"]
[SourceDate "2020.10.23"]
[SourceVersion "1"]
[SourceVersionDate "2020.10.23"]
[SourceQuality "1"]

1. e4 c5 2. Nf3 g6 3. c3 d5 4. e5 Bg7 5. d4 Nc6 6. Bb5 Bg4 7. Nbd2 e6 8. h3 Bf5 9. 0-0 Nge7 10. Nb3 Qb6 11. Bxc6+ bxc6 12. Nxc5 h5 13. Bg5 Bh6 14. Bxh6 Rxh6 15. Qd2 Rh8 16. b4 g5 17. Nxg5 Rg8 18. Kh2 Ng6 19. g3 Qd8 20. Nh7 Rh8 21. Nf6+ Kf8 22. f3 Rc8 23. Rf2 Rc7 24. Raf1 Re7 25. Qe3 a5 26. g4 hxg4 27. fxg4 Be4 28. Nfxe4 dxe4 29. Qxe4 axb4 30. Qxg6 1-0